<?xml version="1.0" encoding="UTF-8"?><?xml-stylesheet type="text/xsl" href="static/style.xsl"?><OAI-PMH xmlns="http://www.openarchives.org/OAI/2.0/" xmlns:xsi="http://www.w3.org/2001/XMLSchema-instance" xsi:schemaLocation="http://www.openarchives.org/OAI/2.0/ http://www.openarchives.org/OAI/2.0/OAI-PMH.xsd"><responseDate>2026-04-17T14:28:49Z</responseDate><request verb="GetRecord" identifier="oai:www.recercat.cat:20.500.14342/2081" metadataPrefix="marc">https://recercat.cat/oai/request</request><GetRecord><record><header><identifier>oai:recercat.cat:20.500.14342/2081</identifier><datestamp>2025-11-08T13:26:35Z</datestamp><setSpec>com_2072_482405</setSpec><setSpec>com_2072_183628</setSpec><setSpec>col_2072_482411</setSpec></header><metadata><record xmlns="http://www.loc.gov/MARC21/slim" xmlns:dcterms="http://purl.org/dc/terms/" xmlns:xsi="http://www.w3.org/2001/XMLSchema-instance" xmlns:doc="http://www.lyncode.com/xoai" xsi:schemaLocation="http://www.loc.gov/MARC21/slim http://www.loc.gov/standards/marcxml/schema/MARC21slim.xsd">
   <leader>00925njm 22002777a 4500</leader>
   <datafield ind2=" " ind1=" " tag="042">
      <subfield code="a">dc</subfield>
   </datafield>
   <datafield ind2=" " ind1=" " tag="720">
      <subfield code="a">Solà, Josep</subfield>
      <subfield code="e">author</subfield>
   </datafield>
   <datafield ind2=" " ind1=" " tag="720">
      <subfield code="a">Marco, Oriol</subfield>
      <subfield code="e">author</subfield>
   </datafield>
   <datafield ind2=" " ind1=" " tag="720">
      <subfield code="a">Morejón, Sacra</subfield>
      <subfield code="e">author</subfield>
   </datafield>
   <datafield ind2=" " ind1=" " tag="720">
      <subfield code="a">Sebastiani i Obrador, Enric Ma.</subfield>
      <subfield code="e">author</subfield>
   </datafield>
   <datafield ind2=" " ind1=" " tag="260">
      <subfield code="c">2012</subfield>
   </datafield>
   <datafield ind2=" " ind1=" " tag="520">
      <subfield code="a">Les exigències estructurals i metodològiques nascudes de la implementació de l’Espai Europeu d’Educació Superior arran de la Declaració de Bolonya han comportat replantejaments profunds dels plans d’estudi universitaris i, sobretot, de la comprensió dels processos d’aprenentatge i avaluació dels alumnes basats en les competències. La necessitat del professorat de replantejar el seu compromís pedagògic d’acord a les noves directrius i la oportunitat de reflexionar de manera creativa i original en base a un programa de millora de la qualitat universitària han confluït en el present Projecte de Mòdul de Fonaments dels Esports. Aquesta proposta modular ajunta el rigor per potenciar les noves directrius pedagògiques universitàries i la satisfacció d’haver dedicat un temps a la reflexió col·lectiva que pugui servir de guia o exemple als diferents mòduls d’esports que el Grau en Ciències de l’Activitat Física i l’Esport proposa. Així, en base als eixos de lògica epistemològica, disseny i temporalització curricular i, finalment l’avaluació competencial, es desenvoluparan les principals aportacions metodològiques del projecte sense que al final, amb la perspectiva dels cursos ja passats, es puguin discutir els seus encerts i les seves possibilitats de millora. La qualitat en l’ensenyament dels esports n’ha estat el referent.</subfield>
   </datafield>
   <datafield ind1="8" ind2=" " tag="024">
      <subfield code="a">http://hdl.handle.net/20.500.14342/2081</subfield>
   </datafield>
   <datafield tag="653" ind2=" " ind1=" ">
      <subfield code="a">Educació física</subfield>
   </datafield>
   <datafield tag="653" ind2=" " ind1=" ">
      <subfield code="a">Competències bàsiques -- Ensenyament universitari</subfield>
   </datafield>
   <datafield ind2="0" ind1="0" tag="245">
      <subfield code="a">Projecte MQD per al disseny dels mòduls de Fonaments dels esports en el grau de CAFE (FPCEE-URL)</subfield>
   </datafield>
</record></metadata></record></GetRecord></OAI-PMH>